00866nam a2200241 a 450000100060000000300080000600500170001400800410003103500190007204000280009104100080011908200220012710000270014924501250017626000410030130000210034250000190036360000390038265000320042194200120045399900170046595201420048264130BD-RjUL20211209081256.0170209s1957 enk a 001 0 eng  a(BD-RjUL)64260 aDLCcCarPdBD-RjULbeng aeng 223a901bMAI 19571 aMahdi, Muhsin.919047710aIbn Khaldûn's philosophy of history :ba study in the philosophic foundation of the science of culture /cMuhsin Mahdi aLondon :bG. Allen and Unwin,c1957. a325 p. ;c22 cm. aIncludes index00aIbn Khaldūn,d1332-1406.9190482 aPhilosophyvHistory9190479 2ddccBK c64130d64130 00102ddc40718NFICaRUCLbRUCLcReadingd1958-01-27eB.H. black Wellg10.00l0o901 MAI 1957r2017-02-09 00:00:00tC-1w2017-02-09yBK